| 000 | 00562pam a2200181 a 4500 | ||
|---|---|---|---|
| 020 | _a0205087906 : | ||
| 082 | 0 | 0 |
_a001.422 _bOLS _cm-158 |
| 100 | 1 |
_aOlson, Chester L. _936431 |
|
| 245 | 1 | 0 |
_aStatistics, making sense of data / _cChester L. Olson. |
| 260 |
_aBoston : _bAllyn and Bacon, _cc1987. |
||
| 300 |
_axv, 819, 103 p. : _bill. ; _c24 cm. |
||
| 526 |
_a0 _b0 _c0 _d001_422000000000000_OLS |
||
| 526 |
_a0 _b0 _c0 _d001_422000000000000_OLS |
||
| 526 |
_a0 _b0 _c0 _d001_422000000000000_OLS |
||
| 650 | 0 |
_aMCE _9379 |
|
| 650 | 0 |
_aStatistics. _969 |
|
| 942 |
_2ddc _cBK |
||
| 999 |
_c541495 _d541495 |
||